000 00314nam a2200133Ia 4500
008 231129s1977||||xx |||||||||||||| ||spa||
040 _bspa
082 _a923.286135 A478o
100 _aOcampo Marin Hector
245 0 _aGilberto Alzate Avendano
260 _c1977
264 _aQuingraficas
942 _2ddc
_cBKS
999 _c14515
_d14515